|
|
|
|
| LEADER |
01624nam a2200277 a 4500 |
| 001 |
GR-MES16489 |
| 008 |
140522s2004 gr gz 000 0 gre d |
| 040 |
|
|
|a GrPaTEI
|b gre
|c GR-PaULI
|
| 040 |
|
|
|a GrPaTEI
|b gre
|c GR-PaULI
|
| 100 |
1 |
|
|a Γκανάρα, Κων/να
|
| 245 |
1 |
0 |
|a Μελέτη άρδευσης και κηποτεχνικής διαμόρφωσης του περιβάλλοντα χώρου του ΤΕΙ Μεσολογγίου /
|c Σπουδαστές:Κωνσταντίνα Γκαναρά.Λεωνίδας Καραβίτης ; Εισηγητές:Λεωνίδας Ι.Παναγιωτόπουλος,Αθανάσιος Κουλόπουλος.
|
| 260 |
|
|
|a Μεσολόγγι :
|b ΤΕΙ Δυτικής Ελλάδας,
|c 2004
|
| 300 |
|
|
|a 325 σ. :
|b εικ.,σχημ.
|
| 504 |
|
|
|a βιβλιογραφία:σ.324
|
| 650 |
|
4 |
|a Κήποι
|x σχεδιασμός
|
| 650 |
|
4 |
|a Πτυχιακή εργασία
|y 2004
|
| 700 |
1 |
|
|a Καραβίτης, Λεωνίδας
|
| 700 |
1 |
|
|a Κουλόπουλος, Αθανάσιος
|
| 700 |
1 |
|
|a Παναγιωτόπουλος, Λεωνίδας
|
| 710 |
0 |
|
|a Σ.ΤΕ.Γ..
|b Τμήμα Γεωργικής Μηχανολογίας και Υδάτινων πόρων
|
| 710 |
0 |
|
|a ΤΕΙ Δυτικής Ελλάδας
|
| 856 |
4 |
0 |
|u https://nereus.library.upatras.gr/formermes//ptyxiakes/steg/steg_myp/2001-2005/115pe.pdf
|
| 942 |
|
|
|2 ddc
|
| 952 |
|
|
|0 0
|1 0
|2 ddc
|4 0
|7 0
|9 274487
|a MSLG
|b MSLG
|c BSC
|d 2021-01-17
|e 24
|f 0
|g 0.00
|l 0
|p 24200115
|r 2021-01-17 00:00:00
|t 1
|v 2021.00
|w 2021-01-17
|y BK15
|x 20140522 0 K.G. 0
|x GrPaTEI
|
| 971 |
|
|
|a .b25825380
|b 16-04-20
|c 13-09-16
|
| 999 |
|
|
|c 158838
|d 158838
|